| 000 | 02812cam a22002414a 4500 | ||
|---|---|---|---|
| 005 | 20250605164225.0 | ||
| 008 | 250528s ||||||||||||||||||||||||d | ||
| 035 | _a20815 | ||
| 020 | _a9789603945864 | ||
| 040 |
_aGR-AtMCL _bgre _dGR-AtMCL _eAACR2 |
||
| 245 | 1 | _aABC στην Αθλητιατρική | |
| 250 | _a3η | ||
| 260 |
_bΕπιστημονικές Εκδόσεις Γρ. Παρισιάνου, _c2005 |
||
| 300 | _a176 | ||
| 520 | _aΜία λιτή αλλά πλήρη σύνοψη του γρήγορα επεκτεινόμενου πεδίου της αθληιατρικής. Το βιβλίο αυτό αποτελεί ένα πολύτιμο βοήθημα για γενικούς Ιατρούς και Φυσικοθεραπευτές. Πρόλογος, Επιδημιολογικές Μελέτες των Αθλητικών Κακώσεων, Άμεση Φροντίδα, Κακώσεις της Κεφαλής στα Αθλήματα, Κακώσεις του Προσώπου και της Σιαγώνας, Τραυματισμοί των Οφθαλμών στα Αθλήματα, Πόνος στη Βουβωνική Χώρα, Αντιμετώπιση Τραυματισμών σε Παιδιά, Άσθμα που Προκαλείται από την Άσκηση, Λοιμώξεις, Σύνδρομο Ανεξήγητα Χαμηλής Επίδοσης (Σύνδρομο της Υπερβολικής Προπόνησης), Η Τριάδα της Αθλήτριας, Η Καρδιά του Αθλητή και ο Αιφνίδιος Καρδιακός Θάνατος, Περιβαλλοντικοί Παράγοντες, Αθλητικές Επιδόσεις σε Μολυσμένο Περιβάλλον, Ιατρική Καταδύσεων, Αθλητισμός και Αναπηρία, Διατροφή και Μεταβολισμός Ενέργειας και Εργογενή Συμπληρώματα Διατροφής, Δίαιτα και Παχυσαρκία και Διαβήτης και Άσκηση, Ωφέλη από την Άσκηση για την Υγεία και τις Παθήσεις: Προκλήσεις για την Εφαρμογή των Αποδεικτικών Στοιχείων, Δραστήριοι σε Μεγάλη Ηλικία, Φυσικοθεραπεία και Αθλητικοί Τραυματισμοί και Ανάκτηση Φυσικής Κατάστασης, Παροχή μια Ολοκληρωμένης Λύσης Τύπου ''One Stop Shop'' για την Αθλητική Ιατρική, Ευρετήριο. | ||
| 700 | 1 |
_aHarries Mark _96778 |
|
| 700 | 1 |
_aWhyte Gregory P _96779 |
|
| 700 | 1 |
_aWilliams Clyde _96780 |
|
| 700 | 1 |
_aΕυσταθόπουλος Νίκος _96781 |
|
| 942 | _cBK | ||
| 999 |
_c5897 _d5897 |
||